Matemática: curso nocturno

Saved in:
Bibliographic Details
Main Author: Moura, Isabel
Format: Unknown
Language:Portuguese
Published: Cacém Texto 1999
Edition:8ª ed.
Textbook Catalogue:MANES:  Library Catalog Search Result
Textbook Classification:
Tags: Add Tag
No Tags, Be the first to tag this record!
Added to:2016-04-26
Changed in:2025-04-25

MARC

LEADER 000000000a22000000004500
001 28159
003 OSt
005 20250425111447.0
008 160427s pt ||||| |||| 00| 0 por d
040 |c centro_manes 
041 1 |a por 
100 1 |a Moura, Isabel  |9 14834 
245 0 0 |a Matemática: curso nocturno 
250 |a 8ª ed. 
260 3 |a Cacém  |b Texto  |c 1999 
300 |a 176 p.;  |c 24 cm 
561 |5 pt-BNP  |a Portugal. Biblioteca Nacional de Portugal  |k MANES 
690 0 |a MATE 
691 |a SE 
942 |2 ddc  |c BK 
546 |a Portugal 
999 |c 29621  |d 29621 
999 |c manes:29621  |d 29621